Bishop International Airport Destinations (Flint, MI, USA) - Statistics

General Stats
  • This quiz has been taken 79 times
    18 since last reset
  • The average score is 6 of 12
Answer Stats
Airline Destination % Correct
American Eagle/United Express Chicago (O'Hare)
100%
Allegiant Air Orlando/Sanford
85%
Allegiant Air Fort Lauderdale
69%
Allegiant Air Nashville
62%
Allegiant Air Las Vegas
54%
Allegiant Air St. Petersburg/Clearwater
54%
Allegiant Air Destin/Fort Walton Beach
46%
Allegiant Air Phoenix/Mesa
38%
Allegiant Air Sarasota
38%
Allegiant Air Jacksonville (FL)
23%
Allegiant Air Portland (OR)
23%
Allegiant Air Punta Gorda (FL)
23%
No matching quizzes found
Score Distribution
Percent of People with Each Score
Percentile by Number Answered
Your Score History
You have not taken this quiz since the last reset